000 00256nam a22001217a 4500
008 170224b xxu||||| |||| 00| 0 eng d
041 _aeng
080 _a616 31
100 _a5
101 _ashs
245 _aCLINICAL DENTITRY
_cCLARK.J.W
942 _2udc
_cBK
999 _c6179
_d6179